MARC

Tag First Indicator Second Indicator Subfields
LEADER 00000cam a2200000 4500
001 in00003811513
005 20190415185309.0
006 m o d
007 cr |n||||||||n
008 880411s1795 enk|||| o 00||||eng c
035 |a (CU-RivES)T178063 
035 |a (Uk-ES)006272829 
035 |a (OCoLC)509290156 
040 |a Uk-ES  |c Uk-ES  |d CU-RivES  |d CStRLIN  |d Cengage Gale  |d UtOrBLW 
100 1 |a More, Hannah,  |d 1745-1833.  |0 http://id.loc.gov/authorities/names/n50004618 
245 1 0 |a Cheap Repository. Sunday reading. Bear ye one another's burthens; or, the valley of tears: a vision. 
264 1 |a [London] :  |b Sold by J. Marshall, (printer to the Cheap Repository for Moral and Religios Tracts) No. 17, Queen-Street, cheapside, and No. 4, Aldermary Church-Yard, and R. White, Piccadilly, London. By S. Hazard, at Bath; and by all booksellers, newsmen, and hawkers, in town and country. Great allowance will be made to shopkeepers and hawkers,  |c [1795?] 
300 |a 1 online resource (7, 1 unnumbered pages) :  |b illustrations ; 
336 |a text  |b txt  |2 rdacontent 
337 |a computer  |b c  |2 rdamedia 
338 |a online resource  |b cr  |2 rdacarrier 
500 |a Anonymous. By Hannah More. 
500 |a At head of titlepage: 'Cheap repository'. 
500 |a Price in square brackets: Price One Halfpenny, or, 2s. 3d. per 100.-is, 3d. for 50.-9d. for 25. (Entered at Stationers Hall.) 
510 4 |a English Short Title Catalog,  |c T178063. 
500 |a Reproduction of original from Cambridge University Library. 
500 |a Electronic resource. 
650 0 |a Bible stories  |z Great Britain  |v Early works to 1800. 
650 0 |a English fiction  |z Great Britain  |y 18th century. 
655 7 |a Electronic books.  |2 local 
655 7 |a Fiction.  |2 rbgenr 
710 2 |a Gale (Firm)  |0 http://id.loc.gov/authorities/names/no2008071348 
752 |a Great Britain  |b England  |d London. 
856 4 0 |u http://proxy.library.tamu.edu/login?url=http://find.galegroup.com/ecco/infomark.do?contentSet=ECCOArticles&docType=ECCOArticles&bookId=1681901100&type=getFullCitation&tabID=T001&prodId=ECCO&docLevel=TEXT_GRAPHICS&version=1.0&source=library&userGroupName=txshracd2898  |z Connect to the full text of this electronic book  |t 0 
999 f f |s 2483dbfe-c26e-3d7b-957e-952fca60e15f  |i c62123bb-83eb-3284-ae39-e4d3203f9c52  |t 0 
952 f f |a Texas A&M University  |b College Station  |c Electronic Resources  |d Available Online  |t 0  |h No information provided 
998 f f |t 0  |l Available Online